书目信息 |
| 题名: |
信息安全管理
|
|
| 作者: | 郭燕慧 编著 | |
| 分册: | ||
| 出版信息: | 北京 北京邮电大学出版社 2025.01 |
|
| 页数: | 187页 | |
| 开本: | 26cm | |
| 丛书名: | 网络空间安全专业规划教材 | |
| 单 册: | ||
| 中图分类: | TP309 | |
| 科图分类: | ||
| 主题词: | 信息系统--xin xi xi tong--安全管理--高等学校--教材 | |
| 电子资源: | ||
| ISBN: | 978-7-5635-7384-4 | |
| 000 | 01388nam 2200325 450 | |
| 001 | 97736 | |
| 005 | 20250919205210.54 | |
| 010 | @a978-7-5635-7384-4@dCNY39.00 | |
| 100 | @a20250227d2025 em y0chiy50 ea | |
| 101 | 0 | @achi |
| 102 | @aCN@b110000 | |
| 105 | @aak a 000yy | |
| 106 | @ar | |
| 106 | @ar | |
| 200 | 1 | @a信息安全管理@Axin xi an quan guan li@f郭燕慧编著 |
| 205 | @a第4版 | |
| 210 | @a北京@c北京邮电大学出版社@d2025.01 | |
| 215 | @a187页@c图@d26cm | |
| 225 | 2 | @a网络空间安全专业规划教材@Awang luo kong jian an quan zhuan ye gui hua jiao cai |
| 300 | @a国家新闻出版改革发展项目库入库项目 | |
| 312 | @a英文题名取自封面 | |
| 320 | @a有书目 (第184-187页) | |
| 330 | @a本书分为十章, 从信息安全管理的社会属性 —— 信息安全管理概述 (第1章)、信息安全法规道德 (第2章)、信息安全计划与策略 (第3章)、信息安全组织与人员 (第4章), 信息安全管理的技术属性 —— 信息安全风险管理 (第5章)、信息安全运维管理 (第6章)、连续性管理 (第7章), 以及信息安全专业技术 —— 访问控制与安全防护 (第8章)、信息安全防护技术实践 (第9章) 和信息安全管理模型 (第10章) 三个方面进行了阐述。 | |
| 410 | 0 | @12001 @a网络空间安全专业规划教材 |
| 510 | 1 | @aInformation security management@zeng |
| 606 | 0 | @a信息系统@Axin xi xi tong@x安全管理@x高等学校@j教材 |
| 690 | @aTP309@v5 | |
| 701 | 0 | @a郭燕慧@Aguo yan hui@4编著 |
| 801 | 0 | @aCN@c20250909 |
| 905 | @a河南城建学院图书馆@dTP309@eG860-2=4@f1 | |
| 信息安全管理/郭燕慧编著.-第4版.-北京:北京邮电大学出版社,2025.01 |
| 187页:图;26cm.-(网络空间安全专业规划教材) |
| 国家新闻出版改革发展项目库入库项目 |
| ISBN 978-7-5635-7384-4:CNY39.00 |
| 本书分为十章, 从信息安全管理的社会属性 —— 信息安全管理概述 (第1章)、信息安全法规道德 (第2章)、信息安全计划与策略 (第3章)、信息安全组织与人员 (第4章), 信息安全管理的技术属性 —— 信息安全风险管理 (第5章)、信息安全运维管理 (第6章)、连续性管理 (第7章), 以及信息安全专业技术 —— 访问控制与安全防护 (第8章)、信息安全防护技术实践 (第9章) 和信息安全管理模型 (第10章) 三个方面进行了阐述。 |
| ● |
| 相关链接 |
|
|
|
正题名:信息安全管理
索取号:TP309/G860-2=4
 
预约/预借
| 序号 | 登录号 | 条形码 | 馆藏地/架位号 | 状态 | 备注 |
| 1 | 1638782 | 216387826 | 自科库301/301自科库 46排3列2层/ [索取号:TP309/G860-2=4] | 在馆 |